El capital

Guardado en:
Detalles Bibliográficos
Formato: Libro
Lenguaje:español
Publicado: La Serena Culturales 1993
Materias:
Etiquetas: Agregar Etiqueta
Sin Etiquetas, Sea el primero en etiquetar este registro!

MARC

LEADER 00000nam a2200000 a 4500
001 UCX7773
003 CL-VaPUC
005 20211019074348.0
008 931229e19930000CL |||||||||||||||||spa|d
999 |c 227494  |d 227492 
040 |c Pontificia Universidad Católica de Valparaíso 
082 0 4 |a 335.412  |b MAR  |2 21 
245 1 3 |a El capital 
260 |a La Serena  |b Culturales  |c 1993 
300 |a 274 p 
583 |a last modification  |c 19931229 00:00:00  |k Rodrigo Vera 
650 0 |a Economía marxista  |9 311435 
650 0 |a Capital   |9 263726 
650 0 |a Economía política  |9 255814 
942 |c BK  |2 ddc 
945 |d 19931229 00:00:00  |a nfarias 
952 |0 0  |1 0  |4 0  |6 335_412000000000000_MAR_1993  |7 0  |8 A  |9 226568  |a BIBGIM  |b BIBGIM  |d 2019-11-15  |i 2954362  |o 335.412 MAR 1993  |p 2954362  |r 2025-01-15  |w 2019-11-15  |y BK  |k SSL 
952 |0 0  |1 0  |4 0  |6 335_412000000000000_MAR_1993  |7 0  |8 A  |9 226569  |a BIBGIM  |b BIBGIM  |d 2019-11-15  |i 2954370  |o 335.412 MAR 1993  |p 2954370  |r 2025-01-15  |w 2019-11-15  |y BK  |k SSL